Online Catalogue and eLibrary

Alice De Boer and some pioneer Burgher women doctors (Record no. 4577)

MARC details
000 -LEADER
fixed length control field 00405nam a2200157Ia 4500
005 - DATE AND TIME OF LATEST TRANSACTION
control field 20241218054352.0
008 - FIXED-LENGTH DATA ELEMENTS--GENERAL INFORMATION
fixed length control field 240331s9999 xx 000 0 und d
020 ## - INTERNATIONAL STANDARD BOOK NUMBER
ISBN 9559102052
082 ## - DDC Classification
Item Number - Author Mark DEL
DDC Edition Number 5740
Class No. 305
100 ## - MAIN ENTRY--PERSONAL NAME
Personal name Brohier, D
245 #0 - TITLE STATEMENT
Title Alice De Boer and some pioneer Burgher women doctors
260 ## - PUBLICATION, DISTRIBUTION, ETC.
Name of publisher, distributor, etc. Social Scientists' Association
Date of publication, distribution, etc. 1994
300 ## - PHYSICAL DESCRIPTION
Extent (e.g. Volumes, Pages etc.) 56 p.,
650 ## - SUBJECT ADDED ENTRY--TOPICAL TERM
Topical term or geographic name entry element Women
942 ## - Koha item type (Biblio)
Koha item type Books in Stacks (Lending)
Holdings
Lost status Damaged status Collection code Home library Current library Shelving location Date acquired Full call number Accession Number Item type
    Lending WERC Library WERC Library Social Science Cupboard 03/31/2024 305 BRO 5740 Books in Stacks (Lending)

© WERC Library